000
00240 a2200085 4500
020
_a
789390709182
100
_a
JOSEPH, AJOY S.
245
_a
PHARMACEUTICAL MANAGEMENT AND MARKETING
260
_b
C.B.S. PUBLISHERS & DISTRIBUTORS, NEWDELHI
_c
2021
999
_c
223952
_d
223952